000 00591cam a22002053a 4500
001 44955
003 PGUSA
005 20140828084027.0
008 140218s2014||||xxu|||||s|||||000 | eng d
040 _aPGUSA
_beng
042 _adc
100 1 _aGreene, George Washington
245 1 2 _aA short history of Rhode Island
_h[electronic resource] /
_cGeorge Washington Greene
260 _bProject Gutenberg,
_c2014
506 _aPublic domain in the USA.
516 _aElectronic text
830 0 _aProject Gutenberg
_v44955
856 4 0 _uhttp://www.gutenberg.org/ebooks/44955
942 _cEB
999 _c274206
_d274206